[Event "Zaporozhye Ermak Cup 7th"]
[Site "Zaporozhye"]
[Date "2011.07.01"]
[Round "9"]
[White "Budnikov, Oleg"]
[Black "Poluektov, Yury"]
[Result "1/2-1/2"]
[WhiteElo "2435"]
[BlackElo "2372"]
[PlyCount "70"]
[EventDate "2011.06.25"]
[EventType "swiss"]
[EventRounds "9"]
[EventCountry "UKR"]
[SourceTitle "CBM 143 Extra"]
[Source "ChessBase"]
[SourceDate "2011.08.29"]
[SourceVersion "1"]
[SourceVersionDate "2011.08.29"]
[SourceQuality "1"]

1. e4 e6 2. d4 d5 3. Nd2 Nf6 4. e5 Nfd7 5. c3 c5 6. Ndf3 Nc6 7. Bd3 Qa5 8. a3 cxd4 9. b4 Qc7 10. cxd4 Nxb4 11. Bxh7 Rxh7 12. axb4 Bxb4+ 13. Bd2 Bxd2+ 14. Qxd2 Nb6 15. Ne2 Nc4 16. Qc2 Rh8 17. 0-0 Bd7 18. Nf4 a5 19. Rfb1 Rc8 20. Qc1 b5 21. Nd3 Bc6 22. Nc5 Qe7 23. Qf4 b4 24. Ng5 Rb8 25. h4 Rf8 26. h5 Rh8 27. g4 Rh6 28. Rb3 Kf8 29. Rf3 Be8 30. Rb1 Kg8 31. Rfb3 Rc8 32. Rc1 Rb8 33. Rcb1 Rc8 34. Rc1 Rb8 35. Rcb1 Rc8 1/2-1/2

[Event "Zaporozhye Ermak Cup 7th"]
[Site "Zaporozhye"]
[Date "2011.06.26"]
[Round "3"]
[White "Drevetsky, Alexander"]
[Black "Poluektov, Yury"]
[Result "0-1"]
[WhiteElo "2145"]
[BlackElo "2372"]
[PlyCount "72"]
[EventDate "2011.06.25"]
[EventType "swiss"]
[EventRounds "9"]
[EventCountry "UKR"]
[SourceTitle "CBM 143 Extra"]
[Source "ChessBase"]
[SourceDate "2011.08.29"]
[SourceVersion "1"]
[SourceVersionDate "2011.08.29"]
[SourceQuality "1"]

1. e4 e6 2. d4 d5 3. Nc3 Nf6 4. Bg5 Bb4 5. e5 h6 6. Bd2 Bxc3 7. bxc3 Ne4 8. Qg4 Kf8 9. Bd3 Nxd2 10. Kxd2 c5 11. h4 Nc6 12. Rh3 c4 13. Be2 b5 14. Qf4 Qe7 15. a3 Bd7 16. g4 Ke8 17. Nf3 Kd8 18. h5 Kc7 19. g5 a5 20. gxh6 gxh6 21. Rg3 b4 22. Rg7 bxa3 23. Rxf7 Raf8 24. Rf6 Be8 25. Nh4 Rxf6 26. exf6+ Qd6 27. Qg4 Rf8 28. Qg7+ Rf7 29. Qxh6 e5 30. Qh8 Bd7 31. Nf3 exd4 32. cxd4 Qb4+ 33. Kd1 Qb2 34. Rc1 a2 35. h6 Qxc1+ 36. Kxc1 c3 0-1

[Event "UKR-ch sf"]
[Site "Alushta"]
[Date "2011.05.11"]
[Round "9"]
[White "Poluektov, Yury"]
[Black "Matjushin, Gennady"]
[Result "1/2-1/2"]
[WhiteElo "2372"]
[BlackElo "2477"]
[PlyCount "28"]
[EventDate "2011.05.03"]
[EventType "swiss"]
[EventRounds "9"]
[EventCountry "UKR"]
[SourceTitle "CBM 142 Extra"]
[Source "ChessBase"]
[SourceDate "2011.06.27"]
[SourceVersion "1"]
[SourceVersionDate "2011.06.27"]
[SourceQuality "1"]

1. d4 f5 2. c4 Nf6 3. Nc3 e6 4. g3 Bb4 5. Bd2 a5 6. Bg2 0-0 7. Nf3 d6 8. 0-0 Qe7 9. Qc2 Nc6 10. Rfd1 Nd8 11. Rac1 Bd7 12. Bg5 Nf7 13. Bxf6 Qxf6 14. e3 Bxc3 1/2-1/2

[Event "UKR-ch sf"]
[Site "Alushta"]
[Date "2011.05.08"]
[Round "6"]
[White "Goreskul, Alyona"]
[Black "Poluektov, Yury"]
[Result "1/2-1/2"]
[WhiteElo "2210"]
[BlackElo "2372"]
[PlyCount "69"]
[EventDate "2011.05.03"]
[EventType "swiss"]
[EventRounds "9"]
[EventCountry "UKR"]
[SourceTitle "CBM 142 Extra"]
[Source "ChessBase"]
[SourceDate "2011.06.27"]
[SourceVersion "1"]
[SourceVersionDate "2011.06.27"]
[SourceQuality "1"]

1. e4 e6 2. d4 d5 3. exd5 exd5 4. Nf3 Nf6 5. c4 Bb4+ 6. Nc3 0-0 7. Be2 dxc4 8. Bxc4 Nbd7 9. 0-0 Nb6 10. Bb3 Bg4 11. h3 Bh5 12. g4 Bg6 13. Ne5 Nfd7 14. Bf4 Nxe5 15. dxe5 Qd3 16. Qxd3 Bxd3 17. Rfd1 Bxc3 18. Rxd3 Bxb2 19. Rb1 Ba3 20. e6 fxe6 21. Bxe6+ Kh8 22. Bxc7 Bc5 23. Bf5 Rae8 24. Rc1 Bxf2+ 25. Kxf2 g6 26. Rc5 Rf7 27. Rf3 gxf5 28. gxf5 Nd7 29. Rd5 h6 30. Rfd3 Nf6 31. Be5 Kh7 32. Bxf6 Rxf6 33. Rd7+ Kh8 34. Rxb7 Rxf5+ 35. Rf3 1/2-1/2

[Event "Geller Memorial op-A 5th"]
[Site "Odessa"]
[Date "2009.08.25"]
[Round "6"]
[White "Prokhorov, Alexander"]
[Black "Poluektov, Yury"]
[Result "1/2-1/2"]
[WhiteElo "2206"]
[BlackElo "2385"]
[PlyCount "130"]
[EventDate "2009.08.20"]
[EventType "swiss"]
[EventRounds "9"]
[EventCountry "UKR"]
[SourceTitle "CBM 132 Extra"]
[Source "ChessBase"]
[SourceDate "2009.11.03"]
[SourceVersion "1"]
[SourceVersionDate "2009.11.03"]
[SourceQuality "1"]

1. e4 e6 2. d4 d5 3. e5 c5 4. c3 Qb6 5. Nf3 Bd7 6. Be2 cxd4 7. cxd4 Bb5 8. Nc3 Bxe2 9. Nxe2 Bb4+ 10. Bd2 Ne7 11. 0-0 Bxd2 12. Qxd2 0-0 13. Rac1 Nd7 14. Rc3 Rfc8 15. Rfc1 Rxc3 16. Rxc3 Rc8 17. Rxc8+ Nxc8 18. h4 Ne7 19. h5 h6 20. g4 Nf8 21. Nh4 Nc6 22. Kf1 Qa6 23. b3 Qb5 24. f4 Qb4 25. Qd3 Qa5 26. a4 Nb4 27. Qc3 b5 28. axb5 Qxb5 29. Kf2 a5 30. Nf3 Na2 31. Qb2 Nb4 32. Qc3 Na2 33. Qe3 a4 34. bxa4 Qxa4 35. Ne1 Nb4 36. Qc3 Nc6 37. Nd3 Na5 38. Qc8 Qa3 39. Qa6 Qa2 40. Nb4 Qa4 41. Nc6 Qxc6 42. Qxa5 Qc2 43. Qd8 Qd3 44. Qh4 Qe4 45. Qg3 Nd7 46. Qf3 Qb1 47. Qc3 Nf8 48. Qh3 Nd7 49. Qc3 Nf8 50. Qc1 Qe4 51. Qe3 Qh1 52. Qf3 Qb1 53. Qc3 Qh1 54. Qf3 Qb1 55. Qc3 g6 56. Qh3 Kg7 57. Qh4 Qd3 58. Qf6+ Kg8 59. hxg6 fxg6 60. Qh4 Kg7 61. Qe7+ Kg8 62. Qh4 Kg7 63. Qf6+ Kg8 64. Qh4 Kg7 65. Qf6+ Kg8 1/2-1/2

[Event "Geller Memorial op-A 5th"]
[Site "Odessa"]
[Date "2009.08.24"]
[Round "5"]
[White "Poluektov, Yury"]
[Black "Pavlov, Maxim"]
[Result "0-1"]
[WhiteElo "2385"]
[BlackElo "2371"]
[PlyCount "142"]
[EventDate "2009.08.20"]
[EventType "swiss"]
[EventRounds "9"]
[EventCountry "UKR"]
[SourceTitle "CBM 132 Extra"]
[Source "ChessBase"]
[SourceDate "2009.11.03"]
[SourceVersion "1"]
[SourceVersionDate "2009.11.03"]
[SourceQuality "1"]

1. d4 Nf6 2. Nf3 e6 3. c4 b6 4. Bg5 Bb7 5. e3 h6 6. Bh4 Bb4+ 7. Nc3 Bxc3+ 8. bxc3 Qe7 9. Bd3 d6 10. 0-0 g5 11. Bg3 Nbd7 12. Nd2 0-0-0 13. a4 a5 14. e4 e5 15. Re1 h5 16. f3 h4 17. Bf2 Nh5 18. Nf1 Nf4 19. Ne3 h3 20. g3 Nxd3 21. Qxd3 Qf6 22. Nd5 Qe6 23. g4 Ba6 24. Rab1 Nf6 25. Ne3 Qd7 26. Qc2 Qc6 27. Qa2 Rhf8 28. Rb2 Rde8 29. Reb1 exd4 30. cxd4 Nxe4 31. d5 Qc5 32. fxe4 Rxe4 33. Nf5 Rxg4+ 34. Ng3 Bxc4 35. Bxc5 Bxa2 36. Bxd6 Rd8 37. Bxc7 Kxc7 38. Rxa2 Rxd5 39. Rc2+ Kb7 40. Rcb2 Rd6 41. Rb5 Ka6 42. Ra1 f6 43. Rf5 Rdd4 44. Rxf6 Rxa4 45. Re1 Rgf4 46. Rg6 g4 47. Nh5 Rfe4 48. Rf1 Ra2 49. Nf6 Rg2+ 50. Kh1 Rb4 51. Nd5 Rbb2 52. Rxb6+ Rxb6 53. Nxb6 g3 54. Rb1 Rxh2+ 55. Kg1 Rg2+ 56. Kh1 Rd2 57. Nc4 Rc2 58. Ne3 Rh2+ 59. Kg1 a4 60. Nf1 Rg2+ 61. Kh1 Ka5 62. Ne3 Re2 63. Nc4+ Ka6 64. Rb8 Ka7 65. Rb1 Rf2 66. Ne5 Ka6 67. Nd3 Rf5 68. Kg1 a3 69. Ra1 Kb5 70. Nc1 h2+ 71. Kg2 Rf1 0-1

[Event "UKR-ch"]
[Site "Alushta"]
[Date "2009.05.11"]
[Round "1"]
[White "Poluektov, Yury"]
[Black "Khazankin, Moisey"]
[Result "1-0"]
[WhiteElo "2390"]
[BlackElo "2134"]
[PlyCount "107"]
[EventDate "2009.05.11"]
[EventType "swiss"]
[EventRounds "9"]
[EventCountry "UKR"]
[SourceTitle "CBM 130 Extra"]
[Source "ChessBase"]
[SourceDate "2009.07.02"]
[SourceVersion "2"]
[SourceVersionDate "2009.07.15"]
[SourceQuality "1"]

1. d4 Nf6 2. Nf3 g6 3. Bf4 d6 4. e3 Nh5 5. Bg5 h6 6. Bh4 g5 7. Nfd2 Ng7 8. Bg3 Nf5 9. Bd3 h5 10. Bxf5 Bxf5 11. h4 g4 12. Nc3 Bg7 13. Qe2 Nc6 14. d5 Ne5 15. e4 Bd7 16. Bxe5 Bxe5 17. Nc4 Bg7 18. Ne3 c5 19. a4 a6 20. a5 Qc7 21. 0-0 Bf6 22. g3 0-0-0 23. Nc4 Kb8 24. Qd3 Rh6 25. Rfe1 e6 26. dxe6 Bxc3 27. e7 Re8 28. Qxc3 Rxe7 29. Nb6 Re5 30. Rad1 Bc6 31. Nd5 Bxd5 32. exd5 f6 33. b4 cxb4 34. Qxb4 Rh8 35. Rxe5 fxe5 36. Rb1 Rf8 37. Rb3 Rf6 38. Rc3 Qd8 39. Rc6 Ka7 40. Qb6+ Qxb6 41. Rxb6 e4 42. Kg2 Rf3 43. Rxd6 Ra3 44. Re6 Rxa5 45. c4 b5 46. c5 b4 47. Re7+ Kb8 48. d6 Rxc5 49. Re8+ Kb7 50. d7 Rd5 51. d8Q Rxd8 52. Rxd8 b3 53. Kf1 a5 54. Ke2 1-0

[Event "Chervonograd IM-B"]
[Site "Chervonograd"]
[Date "2008.11.09"]
[Round "14"]
[White "Meleshko, Vladimir"]
[Black "Poluektov, Yury"]
[Result "0-1"]
[WhiteElo "2151"]
[BlackElo "2372"]
[PlyCount "92"]
[EventDate "2008.11.01"]
[EventType "tourn"]
[EventRounds "15"]
[EventCountry "UKR"]
[EventCategory "3"]
[SourceTitle "EXT 2009"]
[Source "ChessBase"]
[SourceDate "2008.11.26"]
[SourceVersion "1"]
[SourceVersionDate "2008.11.26"]
[SourceQuality "1"]

1. e4 e6 2. d4 d5 3. e5 c5 4. c3 Qb6 5. Nf3 Bd7 6. a3 a5 7. Be2 Nc6 8. 0-0 c4 9. a4 Nge7 10. Nbd2 Qc7 11. b3 cxb3 12. Qxb3 Ng6 13. g3 Be7 14. h4 f5 15. h5 Nf8 16. c4 Nb4 17. Ba3 Bc6 18. c5 Na6 19. Nb1 Nd7 20. Nc3 0-0 21. Nb5 Qb8 22. Rfb1 b6 23. cxb6 Nb4 24. Bxb4 Bxb4 25. Nc7 Nxb6 26. Nxe6 Re8 27. Nf4 Qb7 28. Nd3 Qd7 29. Nxb4 axb4 30. a5 Nc4 31. Qxb4 f4 32. Nd2 fxg3 33. fxg3 Rf8 34. Nxc4 dxc4 35. Bxc4+ Kh8 36. Qd6 Qg4 37. e6 Qf3 38. d5 Qf2+ 39. Kh1 Rf5 40. g4 Qf3+ 41. Kh2 Qf2+ 42. Kh1 Qf3+ 43. Kh2 Qxg4 44. Qg3 Rxh5+ 45. Kg2 Qe4+ 46. Kg1 Rh1+ 0-1

[Event "Berezovskoe op-B"]
[Site "Berezovskoe"]
[Date "2008.08.27"]
[Round "5"]
[White "Mischuk, Dmitry"]
[Black "Poluektov, Yury"]
[Result "0-1"]
[WhiteElo "2208"]
[BlackElo "2350"]
[PlyCount "44"]
[EventDate "2008.08.25"]
[EventType "swiss"]
[EventRounds "9"]
[EventCountry "UKR"]
[SourceTitle "CBM 126 Extra"]
[Source "ChessBase"]
[SourceDate "2008.11.05"]
[SourceVersion "1"]
[SourceVersionDate "2008.11.05"]
[SourceQuality "1"]

1. b3 d5 2. e3 e5 3. Bb2 Bd6 4. Nf3 Qe7 5. Nc3 c6 6. e4 Nf6 7. d3 d4 8. Nb1 0-0 9. Be2 Nbd7 10. 0-0 a5 11. c3 c5 12. Na3 a4 13. Nb5 Bb8 14. cxd4 exd4 15. Nd2 Ra5 16. Na3 Ra6 17. b4 cxb4 18. Nc2 Ne5 19. Nxd4 Rd8 20. N2f3 Nxf3+ 21. Nxf3 Nxe4 22. d4 a3 0-1

[Event "Ilichevsk Sunny Pawn-A"]
[Site "Ilichevsk"]
[Date "2008.07.26"]
[Round "7"]
[White "Itkis, Boris"]
[Black "Poluektov, Yury"]
[Result "0-1"]
[WhiteElo "2447"]
[BlackElo "2350"]
[PlyCount "140"]
[EventDate "2008.07.20"]
[EventType "tourn"]
[EventRounds "11"]
[EventCountry "UKR"]
[SourceTitle "CBM 125 Extra"]
[Source "ChessBase"]
[SourceDate "2008.09.01"]
[SourceVersion "1"]
[SourceVersionDate "2008.09.01"]
[SourceQuality "1"]

1. d4 Nf6 2. c4 e6 3. Nf3 b6 4. g3 Bb7 5. Bg2 Bb4+ 6. Bd2 Be7 7. 0-0 0-0 8. Nc3 Na6 9. Re1 d5 10. cxd5 exd5 11. Bf4 Ne4 12. Ne5 c5 13. dxc5 Naxc5 14. Nxe4 dxe4 15. Qc2 Qc8 16. Rac1 Qf5 17. Nc4 Rac8 18. Qb1 Qe6 19. Red1 Bd5 20. b3 Rfd8 21. Be3 h5 22. Nd2 f5 23. h4 Bf6 24. Nf1 Nd7 25. Rxc8 Rxc8 26. f3 exf3 27. exf3 Ne5 28. Kf2 g6 29. Bd4 Qc6 30. Bxe5 Bxe5 31. Ne3 Bxg3+ 32. Kxg3 f4+ 33. Kxf4 Qd6+ 34. Kg5 Qe7+ 35. Kf4 Qd6+ 36. Kg5 Qe5+ 37. Nf5 gxf5 38. Rxd5 Qxd5 39. Bh3 Qd8+ 40. Kxh5 Qe8+ 41. Kg5 Qe7+ 42. Kh5 Qf7+ 43. Kg5 Qg7+ 44. Kf4 Qd4+ 45. Kg3 Qe5+ 46. Kg2 Qe2+ 47. Kg3 Qe5+ 48. Kg2 Rc5 49. Qd3 Rd5 50. Qc2 Kg7 51. Qc1 Qd6 52. Qc3+ Kh7 53. Kf1 Qe5 54. Qc2 Rc5 55. Qd3 Qd5 56. Qe2 Qe5 57. Qd3 Rc1+ 58. Kg2 Rc5 59. Qd7+ Qg7+ 60. Qxg7+ Kxg7 61. Kg3 Kf6 62. Kf4 Rd5 63. Ke3 Rd1 64. Kf4 Rd4+ 65. Kg3 Rd2 66. a4 Rb2 67. Kf4 Rxb3 68. Bxf5 Rb4+ 69. Be4 Rxa4 70. h5 a5 0-1

[Event "UKR-ch qual"]
[Site "Alushta"]
[Date "2007.05.12"]
[Round "2"]
[White "Sharapov, Evgeny"]
[Black "Poluektov, Yury"]
[Result "1/2-1/2"]
[WhiteElo "2428"]
[BlackElo "2294"]
[PlyCount "150"]
[EventDate "2007.05.11"]
[EventType "swiss"]
[EventRounds "9"]
[EventCountry "UKR"]
[SourceTitle "EXT 2008"]
[Source "ChessBase"]
[SourceDate "2007.11.25"]
[SourceVersion "1"]
[SourceVersionDate "2007.11.25"]
[SourceQuality "1"]

1. e4 e6 2. d4 d5 3. Nc3 Bb4 4. e5 b6 5. Qg4 Bf8 6. Bg5 Qd7 7. Nf3 Ba6 8. Bxa6 Nxa6 9. 0-0 h6 10. Qh3 Ne7 11. a3 Nb8 12. Bxe7 Bxe7 13. Qg4 Bf8 14. Rfc1 Nc6 15. Nd1 Na5 16. Ne3 0-0-0 17. b4 Nc4 18. Nxc4 dxc4 19. c3 Qd5 20. Nd2 Be7 21. Nf1 h5 22. Qf4 f6 23. Ne3 Qc6 24. exf6 gxf6 25. a4 Rhg8 26. b5 Qb7 27. a5 bxa5 28. Rxa5 Rg5 29. Rca1 Rxb5 30. Rxa7 Rb1+ 31. Rxb1 Qxb1+ 32. Nf1 Rd6 33. Qf3 Kd7 34. Qxh5 Rd5 35. Qf7 Rb5 36. Rxc7+ Kxc7 37. Qxe7+ Kb8 38. Qd8+ Kb7 39. Qd7+ Kb8 40. Qxe6 Qb3 41. d5 Rb6 42. d6 Qd1 43. Qxc4 Rxd6 44. h4 Kb7 45. Qe4+ Kc7 46. g3 Qd3 47. Qxd3 Rxd3 48. c4 Kd6 49. Kg2 Ke5 50. Ne3 Ke4 51. Nd5 Kf5 52. f3 Ke5 53. g4 Rd4 54. Ne3 Kf4 55. Nd5+ Ke5 56. h5 Rxc4 57. Ne7 Kf4 58. Ng6+ Kg5 59. Kg3 f5 60. f4+ Kh6 61. gxf5 Kxh5 62. Ne5 Rc3+ 63. Kf2 Kh6 64. f6 Ra3 65. Ke2 Kh7 66. Kd2 Kg8 67. Ke2 Kh7 68. Kf2 Kg8 69. Ke2 Kh7 70. Kd2 Kg8 71. Kc2 Kh7 72. f7 Kg7 73. Kd2 Rb3 74. Ke2 Ra3 75. Kf2 Rb3 1/2-1/2

[Event "Kharkov Glassy Stream"]
[Site "Kharkov"]
[Date "2006.09.29"]
[Round "10"]
[White "Kucherenko, Daniil"]
[Black "Poluektov, Yury"]
[Result "1/2-1/2"]
[WhiteElo "2334"]
[BlackElo "2365"]
[PlyCount "53"]
[EventDate "2006.09.22"]
[EventType "tourn"]
[EventRounds "11"]
[EventCountry "UKR"]
[EventCategory "4"]
[SourceTitle "CBM 114 Extra"]
[Source "ChessBase"]
[SourceDate "2006.11.03"]
[SourceVersion "1"]
[SourceVersionDate "2006.11.03"]
[SourceQuality "1"]

1. e4 c6 2. d4 d5 3. exd5 cxd5 4. c4 Nf6 5. Nc3 e6 6. Nf3 Be7 7. Bd3 0-0 8. 0-0 dxc4 9. Bxc4 Nbd7 10. Bg5 a6 11. a4 Nb6 12. Bd3 Nbd5 13. Bb1 Bd7 14. Nxd5 Nxd5 15. Qd3 g6 16. h4 Rc8 17. Rd1 Nf6 18. Ne5 Bc6 19. Nxc6 Rxc6 20. Qe2 Re8 21. Be3 Nd5 22. g3 Qd6 23. Be4 Rec8 24. Rdc1 Rxc1+ 25. Rxc1 Rxc1+ 26. Bxc1 Qc6 27. Qc2 1/2-1/2

[Event "Kharkov Glassy Stream"]
[Site "Kharkov"]
[Date "2006.09.28"]
[Round "8"]
[White "Ogleznev, Alexandr"]
[Black "Poluektov, Yury"]
[Result "0-1"]
[WhiteElo "2207"]
[BlackElo "2365"]
[PlyCount "88"]
[EventDate "2006.09.22"]
[EventType "tourn"]
[EventRounds "11"]
[EventCountry "UKR"]
[EventCategory "4"]
[SourceTitle "CBM 114 Extra"]
[Source "ChessBase"]
[SourceDate "2006.11.03"]
[SourceVersion "1"]
[SourceVersionDate "2006.11.03"]
[SourceQuality "1"]

1. e4 e6 2. d4 d5 3. Nd2 Nf6 4. e5 Nfd7 5. Bd3 c5 6. c3 b6 7. Ne2 Ba6 8. Bxa6 Nxa6 9. 0-0 Nc7 10. Nf3 Be7 11. Be3 c4 12. Qd2 h6 13. Ng3 b5 14. Nh5 Bf8 15. Bf4 Nb6 16. g4 Kd7 17. Bg3 Be7 18. h3 Qg8 19. Ne1 Ne8 20. Nf3 Qh7 21. Bh4 Qe4 22. Qe3 Qc2 23. Bxe7 Kxe7 24. Rfc1 Qh7 25. Nh4 Nd7 26. a4 bxa4 27. Rxa4 Nc7 28. Rca1 a6 29. Rb4 Rhb8 30. Raa4 Nb5 31. Ra5 Rb6 32. Qc1 Rc8 33. Ng3 Kf8 34. Qa1 Nb8 35. Kg2 Kg8 36. Nf3 Qg6 37. Ra2 Rc7 38. Rba4 Rcb7 39. Ne1 Nxc3 40. Rxa6 Nxa6 41. Rxa6 Rxb2 42. Ra8+ Kh7 43. Rc8 Qb1 44. Qa8 Rb8 0-1